Mitteilungen für die Lehrer slawischer Fremdsprachen nr. 22. Oktober 1974

Bibliographic Details
Format: Book
Language:German
Published: Wien Verband der Russischlehrer Österreichs 1974
Subjects:

MARC

LEADER 00000nam a2200000 a 4500
001 vtls010596447
003 SK-MaSNL
005 20260302093549.0
008 210928s1974 au f 100 0 ger
015 |a SNBA1974 
040 |a SNK  |b slo  |c SNK  |e AACR2 
041 0 |a ger 
043 |a e-au--- 
044 |a au  |c AT 
080 |a 061.3"1974"(083.8):808.2-07+808.1-07:372/373(436)(047)=3  |2 1981 
245 0 0 |a Mitteilungen für die Lehrer slawischer Fremdsprachen  |b nr. 22. Oktober 1974 
260 |a Wien  |b Verband der Russischlehrer Österreichs  |c 1974 
300 |a 18 s.  |c 4° 
650 0 7 |a ruština  |2 SNKPH  |9 1346 
650 0 7 |a slovanské jazyky  |2 SNKPH  |9 1338 
650 0 7 |a vyučovanie jazykov  |2 SNKPH  |9 31418 
651 7 |a Rakúsko  |2 SNKPH  |9 18533 
655 7 |a zborníky konferencií  |2 SNKPH  |9 70153 
958 |a TL 
958 |a DE 
958 |a OND 
999 |c 1209430  |d 1211360 
952 |a SNK  |b SNK  |y PREZ  |7 0  |p 17A0924240  |o snkSB 22610  |i snkV 3587/75  |8 2  |0 0  |1 0  |4 0  |d 2014-05-14  |l 0  |r 2025-03-27 00:00:00  |w 2026-02-24